Countries closest to Israel - Statistics

General Stats
  • This quiz has been taken 21 times
  • The average score is 13 of 15
Answer Stats
Hint Answer % Correct
Africa Egypt
100%
Asia Iraq
100%
Asia Lebanon
100%
Asia Saudi Arabia
95%
Asia/Europe Turkey
95%
Asia Armenia
89%
Asia Cyprus
89%
Asia Jordan
89%
Asia Kuwait
89%
Asia Syria
89%
Europe Greece
84%
Africa Libya
84%
Asia Georgia
79%
Africa Sudan
79%
Asia Palestine
63%
No matching quizzes found
Score Distribution
Percent of People with Each Score
Percentile by Number Answered
Your Score History
You have not taken this quiz